000 00857nam a2200253 i 4500
001 186217
003 SpMaBN
005 20231201140021.0
008 160920s2015 sp |||| | spa d
020 _a978-84-944085-6-4
080 _a821.134.2-14"19"
100 1 _aAlcoceba, Roberto Ignacio.
_9160926
245 1 0 _aCaballos locos /
_cRoberto Ignacio Alcoceba ; [prólogo de Carlos Semprún].
250 _a1ª ed.
260 _aMadrid :
_bHuerga y Fierro,
_c2015.
300 _a78 p. ;
_c21 cm.
490 1 _aPoesía
830 1 _aPoesía
_9177794
852 _aES-MaACL
_jA-13800
_9193272
_bR.150903
_cDEPO1
_dOlim: N-6800
_gDedicatoria autógrafa del autor
_hDonación: Roberto Ignacio Alcoceba
903 _9160926
_aAlcoceba, Roberto Ignacio
_ednr
942 _2udc
_cMONOGRAFIA
999 _c186217
_d186217